Statistics for Marvel Superheroes Quiz

Click here to take the quiz!

General Stats

  • This quiz has been taken 137,259 times
    (137,135 since last reset)
  • The average score is 21 of 36

Answer Stats

DescriptionAlter-EgoAnswer% Correct
Radioactive spider bite gave him a sixth sense and web-throwing abilityPeter ParkerSpider-Man
100%
Uses a futuristic suit to fight crime; eccentric playboy billionaireTony StarkIron Man
96%
Body enhanced from an injection of a special serum during WWIISteve RogersCaptain America
95%
Meek physicist who turns into green raving monster when angryBruce BannerThe Hulk
92%
Bones are covered in adamantium; has claws, healing powersJames "Logan"
Howlett
Wolverine
92%
His mighty hammer, Mjolnir, gives him power over thunder and lightningDonald BlakeThor
92%
Superhuman eyesight and skill with his bow and arrowsClint BartonHawkeye
77%
S.H.I.E.L.D. agent with peak human physical qualitiesNatalia RomanovaThe Black Widow
75%
Ability to control the weatherOroro MunroeStorm
74%
King of African country Wakanda; has a vibranium covered suit
and cat-like agility and senses
T'ChallaBlack Panther
68%
Ability to coat his body in flamesJohnny StormHuman Torch
67%
Can shoot lasers from mutated eyesScott SummersCyclops
66%
Head of S.H.I.E.L.D. No powers besides resisted agingN/ANick Fury
63%
Sorcerer Supreme, the most powerful magic user on EarthStephen StrangeDr. Strange
60%
Large, muscular body is covered in blue fur; genius intellectHenry McCoyBeast
59%
Assassin with enhanced agility, healing, and skill in firearms;
"slightly" psychotic
Wade WilsonDeadpool
59%
Psycho-telepathic powers; hidden entity called the Phoenix resides in herN/AJean Grey
58%
Defense attorney by day; Blind but with other senses heightenedMatthew MurdockDaredevil
57%
Herald of Galactus, now a hero. Often seen on a surfboardNorrin RaddSilver Surfer
56%
Motorcycle rider who became the Spirit of Vengeance after a demonic dealJohnny BlazeGhost Rider
55%
Rock hard skin and super strength; experienced pilotBen GrimmThe Thing
55%
Can turn his body into ice and shoot ice beams and spikesBobby DrakeIceman
54%
Ability to stretch his body to unbelievable contortions; brilliant scientistReed RichardsMr. Fantastic
54%
Half-human, half-vampire; hunts vampires with swordsEric BrooksBlade
51%
Mutant with feathery wings on his backWarren
Worthington III
Angel
47%
Ability to become invisible and create force fieldsSusan StormThe Invisible
Woman
45%
Mutant with ability to transport with a puff of blue smokeKurt WagnerNightcrawler
45%
Ability to steal other mutants powers at a touchAnna MarieRogue
44%
Body can transform into steel-like substancePiotr RasputinColossus
40%
Superhuman powers given to her from the KreeCarol DanversCaptain Marvel
39%
Assassin turned hero; romantically involved with Matthew MurdocN/AElektra
38%
Infused with the power of chi; peak physical perfectionDaniel RandIron Fist
30%
Skin is hard as steel; was a mercenary hero on the streets, but
then became a normal free-for-use hero
N/ALuke Cage
26%
King of Atlantis; member of many superhero teamsN/ANamor, the
Sub-Mariner
24%
Can generate bio-electric blasts and has sixth sense to locate dangerJessica DrewSpider-Woman
17%
Given powers from an Egyptian god, KhonshuMarc SpectorMoon Knight
14%

Score Distribution

Percentile by Number Answered

Percent of People with Each Score

Your Score History

You have not taken this quiz since the last reset